[Event "ENG-ch Seniors 50"]
[Site "Leamington Spa"]
[Date "2023.05.07"]
[Round "5"]
[White "Henderson, David"]
[Black "Donnelly, Andrew J"]
[Result "1-0"]
[WhiteElo "2116"]
[BlackElo "1586"]
[PlyCount "75"]
[EventDate "2023.05.04"]
[EventType "swiss"]
[EventRounds "7"]
[EventCountry "ENG"]
[SourceTitle "CBM 214 Extra"]
[Source "ChessBase"]
[SourceDate "2023.07.31"]
[SourceVersion "1"]
[SourceVersionDate "2023.07.31"]
[SourceQuality "1"]

1. e4 g6 2. g3 Bg7 3. Bg2 d6 4. d4 Nd7 5. Ne2 e5 6. 0-0 Ne7 7. Nbc3 0-0 8. Be3 Rb8 9. f4 f5 10. dxe5 dxe5 11. Bxa7 Ra8 12. Bf2 c6 13. Qd2 Qc7 14. Rfd1 exf4 15. Nxf4 Ne5 16. Rab1 g5 17. Nh5 f4 18. Nxg7 Kxg7 19. Bc5 f3 20. Qxg5+ N5g6 21. Bxe7 Qxe7 22. Qxe7+ Nxe7 23. Bf1 f2+ 24. Kg2 Bg4 25. Be2 Bxe2 26. Nxe2 Rxa2 27. Nc3 Ra5 28. Rd7 Kf6 29. Rf1 Ke6 30. Rxb7 Ng6 31. Rxh7 Ne5 32. Rxf2 Rb8 33. b3 Ng4 34. Re2 Rf8 35. h3 Nf6 36. Rh6 Ke7 37. e5 Nd5 38. Rxc6 1-0

[Event "BCF-chT2 2223 (4NCL)"]
[Site "England"]
[Date "2023.01.15"]
[Round "4.47"]
[White "Henderson, David"]
[Black "White, Stuart A"]
[Result "1/2-1/2"]
[WhiteElo "2143"]
[BlackElo "2051"]
[PlyCount "34"]
[EventDate "2022.10.22"]
[EventType "team-tourn"]
[EventRounds "11"]
[EventCountry "ENG"]
[SourceTitle "EXT 2024"]
[Source "ChessBase"]
[SourceDate "2023.10.10"]
[SourceVersion "1"]
[SourceVersionDate "2023.10.10"]
[SourceQuality "1"]
[WhiteTeam "North East England"]
[BlackTeam "Alba"]
[WhiteTeamCountry "ENG"]
[BlackTeamCountry "ENG"]

1. c4 c6 2. g3 d5 3. b3 Nf6 4. Bg2 Bf5 5. Nf3 e6 6. 0-0 Bd6 7. d4 0-0 8. Nc3 Ne4 9. Bb2 a5 10. Nd2 Nxc3 11. Bxc3 Bb4 12. Qc1 Nd7 13. e4 dxe4 14. Nxe4 Bxc3 15. Qxc3 Nf6 16. Nxf6+ Qxf6 17. Qe3 Rfd8 1/2-1/2

[Event "Newcastle Northumbria Masters"]
[Site "Newcastle on Tyne"]
[Date "2022.08.28"]
[Round "4"]
[White "Henderson, David"]
[Black "Carmichael, Ned"]
[Result "1-0"]
[WhiteElo "2116"]
[BlackElo "1783"]
[PlyCount "43"]
[EventDate "2022.08.26"]
[EventType "swiss"]
[EventRounds "9"]
[EventCountry "ENG"]
[SourceTitle "CBM 210 Extra"]
[Source "ChessBase"]
[SourceDate "2022.11.30"]
[SourceVersion "1"]
[SourceVersionDate "2022.11.30"]
[SourceQuality "1"]

1. e4 c5 2. c3 d5 3. exd5 Qxd5 4. d4 Nf6 5. Nf3 e6 6. Be2 Nc6 7. 0-0 cxd4 8. Nxd4 Nxd4 9. cxd4 Be7 10. Nc3 Qd8 11. Bf3 0-0 12. d5 exd5 13. Nxd5 Nxd5 14. Bxd5 Qb6 15. Qf3 Be6 16. Bxb7 Rab8 17. Be4 Bf6 18. a4 Bxb2 19. Rb1 Qd4 20. Rd1 Qf6 21. Rxb2 Rxb2 22. Qxf6 1-0

[Event "BCF-chT 2122 (4NCL)"]
[Site "England"]
[Date "2022.06.26"]
[Round "11.84"]
[White "Townsend, M Paul"]
[Black "Henderson, David"]
[Result "1/2-1/2"]
[WhiteElo "2165"]
[BlackElo "2083"]
[PlyCount "59"]
[EventDate "2021.11.27"]
[EventType "team-swiss"]
[EventRounds "11"]
[EventCountry "ENG"]
[SourceTitle "EXT 2023"]
[Source "ChessBase"]
[SourceDate "2022.10.05"]
[SourceVersion "1"]
[SourceVersionDate "2022.10.05"]
[SourceQuality "1"]
[WhiteTeam "Chessable White Rose II"]
[BlackTeam "North East England"]
[WhiteTeamCountry "ENG"]
[BlackTeamCountry "ENG"]

1. d4 d5 2. c4 e6 3. Nf3 Nf6 4. g3 dxc4 5. Bg2 a6 6. 0-0 Be7 7. Ne5 0-0 8. Nc3 Ra7 9. Nxc4 b5 10. Ne5 Bb7 11. Bf4 Bxg2 12. Kxg2 Nbd7 13. Rc1 Qa8+ 14. Kg1 Rd8 15. Qc2 Nxe5 16. dxe5 Nd7 17. Ne4 c5 18. Rfd1 Rc7 19. h4 h6 20. h5 Qc6 21. Rd2 Nb6 22. Rxd8+ Bxd8 23. Qd3 Be7 24. Nxc5 Bxc5 25. b4 Bxf2+ 26. Kxf2 Nc4 27. Qd8+ Kh7 28. Qd3+ Kg8 29. Qd8+ Kh7 30. Qd3+ 1/2-1/2

[Event "ENG Chessable-ch Seniors 50+"]
[Site "Kenilworth"]
[Date "2022.05.05"]
[Round "2"]
[White "Henderson, David"]
[Black "Portman, Carl S"]
[Result "1-0"]
[WhiteElo "2104"]
[BlackElo "1880"]
[PlyCount "129"]
[EventDate "2022.05.04"]
[EventType "swiss"]
[EventRounds "7"]
[EventCountry "ENG"]
[SourceTitle "CBM 208 Extra"]
[Source "ChessBase"]
[SourceDate "2022.07.31"]
[SourceVersion "1"]
[SourceVersionDate "2022.07.31"]
[SourceQuality "1"]

1. c4 Nf6 2. g3 c6 3. Bg2 d5 4. d4 g6 5. Nc3 Bg7 6. Nf3 Nbd7 7. b3 0-0 8. 0-0 Qa5 9. Bd2 dxc4 10. bxc4 Qh5 11. e4 Nb6 12. e5 Ne8 13. c5 Nc4 14. Bf4 Bg4 15. Qe2 Na5 16. Qd3 Be6 17. Rfe1 Nc7 18. Ng5 Bf5 19. Nge4 Nd5 20. Bf3 Qh3 21. Bd2 b6 22. Qe2 Nxc3 23. Bxc3 Nb7 24. Ng5 Qh6 25. Bd2 f6 26. Ne6 g5 27. Nxf8 Rxf8 28. cxb6 axb6 29. Qc4+ Kh8 30. Qxc6 Nd8 31. Qxb6 Qg6 32. Rac1 fxe5 33. Qxg6 Bxg6 34. Be4 Ne6 35. Bxg6 hxg6 36. dxe5 Nd4 37. Kg2 Nf3 38. Red1 g4 39. Bb4 Bxe5 40. Bc3 Ra8 41. Bxe5+ Nxe5 42. Rc2 Kg7 43. Re1 Nf3 44. Rxe7+ Kf6 45. Re3 Nd4 46. Rd2 Nf5 47. Rc3 Ra6 48. h3 gxh3+ 49. Kxh3 Nd6 50. f3 Nf7 51. Rdc2 Ra5 52. Rc6+ Kg7 53. R6c5 Ra3 54. f4 Nd6 55. R5c3 Ra5 56. Re2 Ra4 57. Re6 Ne4 58. Rc7+ Kh6 59. Rcc6 Nf2+ 60. Kh4 Rxa2 61. Rxg6+ Kh7 62. f5 Ra4+ 63. Kh5 Nd3 64. Rc7+ Kh8 65. Rd6 1-0

[Event "BCF-chT 2122 (4NCL)"]
[Site "England"]
[Date "2022.04.30"]
[Round "7.76"]
[White "Henderson, David"]
[Black "Kanyamarala, Trisha"]
[Result "1-0"]
[WhiteElo "2083"]
[BlackElo "2198"]
[PlyCount "169"]
[EventDate "2021.11.27"]
[EventType "team-swiss"]
[EventRounds "11"]
[EventCountry "ENG"]
[SourceTitle "EXT 2023"]
[Source "ChessBase"]
[SourceDate "2022.10.05"]
[SourceVersion "1"]
[SourceVersionDate "2022.10.05"]
[SourceQuality "1"]
[WhiteTeam "North East England"]
[BlackTeam "Gonzaga"]
[WhiteTeamCountry "ENG"]
[BlackTeamCountry "ENG"]

1. c4 e5 2. g3 Nc6 3. Bg2 f5 4. Nc3 Nf6 5. Nf3 d6 6. d3 Be7 7. 0-0 0-0 8. Nd5 Kh8 9. e3 Nb8 10. Qc2 Nxd5 11. cxd5 c6 12. Ne1 Bd7 13. Bd2 Qb6 14. Bc3 f4 15. Qe2 fxe3 16. Qxe3 Qd8 17. d4 Bg5 18. Qe2 exd4 19. Bxd4 cxd5 20. Bxd5 Bc6 21. Bg2 Nd7 22. Bxc6 bxc6 23. Rd1 Bf6 24. Bxf6 Qxf6 25. Nd3 Nb6 26. Rfe1 d5 27. Nc5 h6 28. b3 Rae8 29. Qd2 Qf3 30. Nd3 Nd7 31. Nf4 Qg4 32. h3 Qf5 33. Qd3 Qxd3 34. Nxd3 Kg8 35. Rc1 Rxe1+ 36. Rxe1 Kf7 37. Kf1 Rc8 38. Re2 c5 39. Ne5+ Nxe5 40. Rxe5 Rd8 41. Ke2 Rd6 42. Kd3 a5 43. Kc3 Rd8 44. Kd3 a4 45. bxa4 Ra8 46. Rxd5 Rxa4 47. Rxc5 Rxa2 48. Rc2 Ra3+ 49. Ke4 Ra4+ 50. Kf3 Ra3+ 51. Kg4 Ra4+ 52. Kh5 Ra5+ 53. Kh4 Ra4+ 54. g4 Ra3 55. f4 g5+ 56. fxg5 hxg5+ 57. Kxg5 Rxh3 58. Rc7+ Kf8 59. Kg6 Ra3 60. Rc6 Rg3 61. g5 Rg1 62. Ra6 Rg2 63. Ra8+ Ke7 64. Kh6 Kf7 65. Ra7+ Kg8 66. Kg6 Kf8 67. Ra5 Rg1 68. Ra8+ Ke7 69. Rg8 Rg2 70. Kh7 Kf7 71. g6+ Kf6 72. Rf8+ Ke7 73. Rf3 Rh2+ 74. Kg7 Rg2 75. Re3+ Kd7 76. Kf7 Rf2+ 77. Kg8 Rg2 78. g7 Kd6 79. Rh3 Ke6 80. Kh7 Kf7 81. Rf3+ Ke7 82. g8Q Rh2+ 83. Kg6 Rg2+ 84. Kh7 Rh2+ 85. Kg7 1-0

[Event "BCF-chT 2122 (4NCL)"]
[Site "England"]
[Date "2022.02.12"]
[Round "3.54"]
[White "Henderson, David"]
[Black "Adair, James R"]
[Result "0-1"]
[WhiteElo "2083"]
[BlackElo "2444"]
[PlyCount "40"]
[EventDate "2021.11.27"]
[EventType "team-swiss"]
[EventRounds "11"]
[EventCountry "ENG"]
[SourceTitle "EXT 2023"]
[Source "ChessBase"]
[SourceDate "2022.10.05"]
[SourceVersion "1"]
[SourceVersionDate "2022.10.05"]
[SourceQuality "1"]
[WhiteTeam "North East England"]
[BlackTeam "Chessable White Rose"]
[WhiteTeamCountry "ENG"]
[BlackTeamCountry "ENG"]

1. e4 c6 2. d4 d5 3. e5 c5 4. dxc5 e6 5. a3 Bxc5 6. b4 Be7 7. Nf3 a5 8. b5 Nd7 9. Be2 f6 10. Bb2 fxe5 11. Nxe5 Bf6 12. f4 Qc7 13. b6 Qxb6 14. Bd4 Qd8 15. Bd3 Ne7 16. Qe2 Bxe5 17. fxe5 0-0 18. Nd2 Nf5 19. Bf2 Qc7 20. Nf3 Qc3+ 0-1

[Event "BCF-chT 2122 (4NCL)"]
[Site "England"]
[Date "2021.11.28"]
[Round "2.147"]
[White "Henderson, David"]
[Black "Ashworth, Robert M"]
[Result "1-0"]
[WhiteElo "2083"]
[BlackElo "1575"]
[PlyCount "61"]
[EventDate "2021.11.27"]
[EventType "team-swiss"]
[EventRounds "11"]
[EventCountry "ENG"]
[SourceTitle "EXT 2023"]
[Source "ChessBase"]
[SourceDate "2022.10.05"]
[SourceVersion "1"]
[SourceVersionDate "2022.10.05"]
[SourceQuality "1"]
[WhiteTeam "North East England"]
[BlackTeam "Check Innmates"]
[WhiteTeamCountry "ENG"]
[BlackTeamCountry "ENG"]

1. d4 Nf6 2. c4 g6 3. g3 Bg7 4. Bg2 0-0 5. Nc3 d5 6. cxd5 b6 7. d6 c6 8. dxe7 Qxe7 9. Nf3 Bb7 10. 0-0 Na6 11. Bf4 Rad8 12. Qa4 Nd5 13. Nxd5 Rxd5 14. Ne5 b5 15. Qd1 Rd6 16. Nf3 Rd5 17. e4 Qxe4 18. Ng5 Qxd4 19. Bxd5 Qxd1 20. Bxf7+ Rxf7 21. Raxd1 Rf5 22. Rd7 Nc5 23. Rd8+ Bf8 24. b4 h6 25. bxc5 hxg5 26. Bd6 Kg7 27. Rd1 a5 28. Bxf8+ Rxf8 29. R1d7+ Rf7 30. Rxf7+ Kxf7 31. Rd7+ 1-0

[Event "BCF-chT 2122 (4NCL)"]
[Site "England"]
[Date "2021.11.27"]
[Round "1.63"]
[White "Roberson, Peter T"]
[Black "Henderson, David"]
[Result "1-0"]
[WhiteElo "2425"]
[BlackElo "2083"]
[PlyCount "64"]
[EventDate "2021.11.27"]
[EventType "team-swiss"]
[EventRounds "11"]
[EventCountry "ENG"]
[SourceTitle "EXT 2023"]
[Source "ChessBase"]
[SourceDate "2022.10.05"]
[SourceVersion "1"]
[SourceVersionDate "2022.10.05"]
[SourceQuality "1"]
[WhiteTeam "The Sharks"]
[BlackTeam "North East England"]
[WhiteTeamCountry "ENG"]
[BlackTeamCountry "ENG"]

1. e4 e5 2. Nf3 Nc6 3. Bb5 a6 4. Ba4 Nf6 5. 0-0 Be7 6. Re1 b5 7. Bb3 d6 8. c3 0-0 9. h3 Re8 10. d4 Bd7 11. Nbd2 g6 12. Ng5 Rf8 13. Nf1 Na5 14. Bc2 c6 15. Nf3 Qc7 16. Ng3 Rfe8 17. Nh2 Bf8 18. Bg5 Kg7 19. f4 Ng8 20. fxe5 dxe5 21. b3 f6 22. Bh4 Be6 23. Qf3 Bd6 24. Ng4 Rf8 25. Rf1 Be7 26. Kh1 Rad8 27. Ne2 c5 28. dxc5 Qb7 29. b4 Nc4 30. Rfd1 Bxg4 31. hxg4 Nh6 32. Rd5 Nxg4 1-0

[Event "BCF-chT2a 1920 (4NCL)"]
[Site "Daventry"]
[Date "2020.03.01"]
[Round "2.18"]
[White "Giles, Yasmin"]
[Black "Henderson, David"]
[Result "0-1"]
[WhiteElo "1885"]
[BlackElo "2087"]
[PlyCount "102"]
[EventDate "2020.01.11"]
[EventType "team-tourn"]
[EventRounds "11"]
[EventCountry "ENG"]
[SourceTitle "CBM 195 Extra"]
[Source "ChessBase"]
[SourceDate "2020.05.31"]
[SourceVersion "1"]
[SourceVersionDate "2020.05.31"]
[SourceQuality "1"]
[WhiteTeam "West is Best"]
[BlackTeam "North East England"]
[WhiteTeamCountry "ENG"]
[BlackTeamCountry "ENG"]

1. e4 e5 2. Nf3 Nc6 3. d4 exd4 4. Nxd4 Nf6 5. Nxc6 bxc6 6. e5 Qe7 7. Qe2 Nd5 8. c4 Nb6 9. Nc3 Qe6 10. Qe4 g6 11. Bd3 Bg7 12. f4 0-0 13. 0-0 Ba6 14. b3 f5 15. Qf3 d6 16. Ba3 Rfe8 17. c5 Bxd3 18. Qxd3 Nc8 19. exd6 cxd6 20. cxd6 Nxd6 21. Rac1 Rad8 22. Qc2 Qe3+ 23. Kh1 Bxc3 24. Qxc3 Qxc3 25. Rxc3 Nb5 26. Bb4 Nxc3 27. Bxc3 Re2 28. h3 Rd3 29. Be5 Rxa2 30. b4 Rdd2 31. Rg1 Kf7 32. h4 Ke6 33. Rc1 Rac2 34. Ra1 Rxg2 35. Rxa7 Rgd2 36. Ra1 Kd5 37. Re1 Rh2+ 38. Kg1 Rcg2+ 39. Kf1 Rh1+ 40. Kxg2 Rxe1 41. Bf6 Re4 42. Bc3 Rxf4 43. Kg3 Rg4+ 44. Kh3 h5 45. Bd2 f4 46. Be1 f3 47. Bf2 Kc4 48. Bc5 Kd3 49. Bf2 Ke2 50. Kh2 Kxf2 51. Kh3 Rxb4 0-1

[Event "Northumberland-ch Zollner"]
[Site "Northumberland"]
[Date "2019.03.02"]
[Round "5"]
[White "Trevelyan, Andy"]
[Black "Henderson, David"]
[Result "1/2-1/2"]
[WhiteElo "159"]
[BlackElo "181"]
[PlyCount "79"]
[EventDate "2018.10.27"]
[EventType "swiss"]
[EventRounds "7"]
[EventCountry "ENG"]
[SourceTitle "EXT 2020"]
[Source "ChessBase"]
[SourceDate "2019.10.17"]
[SourceVersion "1"]
[SourceVersionDate "2019.10.17"]
[SourceQuality "1"]

1. Nf3 d5 2. g3 Nf6 3. Bg2 c5 4. d3 Nc6 5. Nbd2 e6 6. 0-0 Be7 7. e4 0-0 8. c3 dxe4 9. dxe4 Qc7 10. Qe2 e5 11. Nh4 Re8 12. Nc4 Be6 13. Ne3 Bf8 14. f4 exf4 15. gxf4 Ne7 16. f5 Bd7 17. Ng4 Nxg4 18. Qxg4 Nc6 19. Nf3 f6 20. h4 Kh8 21. h5 Bd6 22. Be3 Ne5 23. Nxe5 Bxe5 24. Rad1 Bb5 25. Rf2 Rad8 26. Rfd2 b6 27. Bf1 Bxf1 28. Kxf1 Rxd2 29. Rxd2 Rd8 30. Qd1 Rxd2 31. Qxd2 h6 32. Qd5 Bh2 33. Qe6 Bf4 34. Bf2 Qd8 35. Qd5 Qe8 36. b3 Qxh5 37. b4 Qh3+ 38. Ke2 Qxc3 39. bxc5 bxc5 40. Bxc5 1/2-1/2

[Event "BCF-ch Seniors 50"]
[Site "Llandudno"]
[Date "2017.08.03"]
[Round "5"]
[White "Henderson, David"]
[Black "Brooks, Phil J"]
[Result "0-1"]
[WhiteElo "2099"]
[BlackElo "2191"]
[PlyCount "54"]
[EventDate "2017.07.30"]
[EventType "swiss"]
[EventRounds "7"]
[EventCountry "WLS"]
[SourceTitle "CBM 179 Extra"]
[Source "ChessBase"]
[SourceDate "2017.08.23"]
[SourceVersion "1"]
[SourceVersionDate "2017.08.23"]
[SourceQuality "1"]

1. e4 e6 2. d4 d5 3. Nd2 c5 4. Ngf3 Nf6 5. exd5 Nxd5 6. dxc5 Bxc5 7. Ne4 Be7 8. Be2 0-0 9. 0-0 Nc6 10. a3 b6 11. Bd3 h6 12. c4 Nc7 13. Bf4 f5 14. Nc3 Bd6 15. Bxd6 Qxd6 16. Qe2 e5 17. Rad1 Nd4 18. Nxd4 exd4 19. Nd5 Ne6 20. Rfe1 Bd7 21. b4 Rae8 22. Qc2 g6 23. Qd2 Kg7 24. Qb2 Bc6 25. Ne3 Kh7 26. Bf1 Ba4 27. Rc1 dxe3 0-1

[Event "BCF-chT1d 1617 (4NCL) Demotion pool"]
[Site "England"]
[Date "2017.03.05"]
[Round "8.67"]
[White "Henderson, David"]
[Black "Larter, Nick J"]
[Result "1/2-1/2"]
[WhiteElo "2079"]
[BlackElo "1806"]
[PlyCount "89"]
[EventDate "2016.11.19"]
[EventType "team-tourn"]
[EventRounds "4"]
[EventCountry "ENG"]
[SourceTitle "EXT 2018"]
[Source "ChessBase"]
[SourceDate "2017.10.13"]
[SourceVersion "1"]
[SourceVersionDate "2017.10.13"]
[SourceQuality "1"]
[WhiteTeam "North East England"]
[BlackTeam "Celtic Tigers"]
[WhiteTeamCountry "ENG"]
[BlackTeamCountry "ENG"]

1. e4 e6 2. d4 d5 3. Nd2 dxe4 4. Nxe4 Qd5 5. Ng3 c5 6. Nf3 cxd4 7. Qxd4 Nf6 8. Bc4 Qxd4 9. Nxd4 a6 10. Bg5 Be7 11. 0-0 0-0 12. Rfe1 Nd5 13. Bxe7 Nxe7 14. Ne4 Nbc6 15. Nb3 b5 16. Be2 Nb4 17. Rec1 Bb7 18. Nec5 Bd5 19. a4 Bc4 20. Bf3 Ned5 21. c3 Nd3 22. Nxd3 Bxd3 23. Nc5 Bf5 24. g3 Rfc8 25. b4 g5 26. Ra3 bxa4 27. Rxa4 Ra7 28. Ra3 Bh3 29. Rca1 a5 30. Bxd5 exd5 31. Rxa5 Re7 32. Ra8 Rxa8 33. Rxa8+ Kg7 34. Ra1 Re2 35. Rc1 Rb2 36. Nd3 Rd2 37. Ne1 Rb2 38. Nf3 h6 39. Nd4 Kf6 40. Nc2 Rb3 41. Ne1 d4 42. cxd4 Rxb4 43. Rd1 Ke6 44. Nd3 Rb5 45. f3 1/2-1/2

[Event "BCF-chT1b 1617 (4NCL)"]
[Site "England"]
[Date "2017.02.12"]
[Round "6.76"]
[White "Palliser, Richard"]
[Black "Henderson, David"]
[Result "1-0"]
[WhiteElo "2421"]
[BlackElo "2079"]
[PlyCount "77"]
[EventDate "2016.11.19"]
[EventType "team-tourn"]
[EventRounds "7"]
[EventCountry "ENG"]
[SourceTitle "EXT 2018"]
[Source "ChessBase"]
[SourceDate "2017.10.13"]
[SourceVersion "1"]
[SourceVersionDate "2017.10.13"]
[SourceQuality "1"]
[WhiteTeam "White Rose"]
[BlackTeam "North East England"]
[WhiteTeamCountry "ENG"]
[BlackTeamCountry "ENG"]

1. d4 d5 2. Bf4 Nf6 3. e3 c5 4. c3 Nc6 5. Nd2 Bf5 6. Qb3 Qb6 7. dxc5 Qxb3 8. axb3 e5 9. Bg3 Bxc5 10. Ngf3 Nd7 11. b4 Bd6 12. Bb5 Ke7 13. 0-0 f6 14. Nh4 Be6 15. f4 a6 16. Bxc6 bxc6 17. Nb3 Rhc8 18. Nf3 d4 19. fxe5 fxe5 20. Nbd2 dxe3 21. Ne4 Bd5 22. Nxd6 Kxd6 23. Rfe1 c5 24. bxc5+ Rxc5 25. Rxe3 Bb7 26. b4 Rb5 27. Nd4 Rd5 28. Nf3 Rc8 29. Rae1 g6 30. Nxe5 Nxe5 31. Bxe5+ Kc6 32. c4 Rd7 33. Bg3 Kb6 34. Bf2 Kc7 35. b5 Rcd8 36. Re6 Kc8 37. bxa6 Ba8 38. Bb6 Rf8 39. Re8+ 1-0

[Event "BCF-chT1b 1617 (4NCL)"]
[Site "England"]
[Date "2017.02.11"]
[Round "5.86"]
[White "Henderson, David"]
[Black "Gallagher, Daniel GH"]
[Result "1-0"]
[WhiteElo "2079"]
[BlackElo "2122"]
[PlyCount "63"]
[EventDate "2016.11.19"]
[EventType "team-tourn"]
[EventRounds "7"]
[EventCountry "ENG"]
[SourceTitle "EXT 2018"]
[Source "ChessBase"]
[SourceDate "2017.10.13"]
[SourceVersion "1"]
[SourceVersionDate "2017.10.13"]
[SourceQuality "1"]
[WhiteTeam "North East England"]
[BlackTeam "Anglian Avengers"]
[WhiteTeamCountry "ENG"]
[BlackTeamCountry "ENG"]

1. e4 e5 2. Nf3 Nc6 3. Bb5 a6 4. Ba4 Nge7 5. 0-0 g6 6. c3 Bg7 7. d4 exd4 8. cxd4 b5 9. Bb3 0-0 10. Nc3 Na5 11. Bc2 d6 12. h3 c5 13. Bf4 Nc4 14. b3 Na3 15. Rc1 Nc6 16. Ne2 Nb4 17. Bb1 Nxb1 18. Rxb1 Nxa2 19. dxc5 dxc5 20. Qc2 Nb4 21. Qxc5 Nd3 22. Qc6 Nxf4 23. Nxf4 Ra7 24. Nd5 f5 25. Rbd1 Qe8 26. Qc5 Rd7 27. exf5 Rxf5 28. Rfe1 Qf8 29. Ne7+ Kf7 30. Qxc8 Rxe7 31. Rxe7+ Kxe7 32. Rd7+ 1-0

[Event "Durham op"]
[Site "Houghton le Spring"]
[Date "2016.04.16"]
[Round "2"]
[White "Hawkins, Jonathan J"]
[Black "Henderson, David"]
[Result "1-0"]
[WhiteElo "2584"]
[BlackElo "2074"]
[PlyCount "85"]
[EventDate "2016.04.15"]
[EventType "swiss"]
[EventRounds "5"]
[EventCountry "ENG"]
[SourceTitle "CBM 171 Extra"]
[Source "ChessBase"]
[SourceDate "2016.04.26"]
[SourceVersion "1"]
[SourceVersionDate "2016.04.26"]
[SourceQuality "1"]

1. d4 d5 2. c4 e6 3. Nf3 Nf6 4. Nc3 Be7 5. Bf4 0-0 6. a3 c6 7. e3 Nbd7 8. h3 Re8 9. Bd3 dxc4 10. Bxc4 Nd5 11. Bh2 Qa5 12. Qc2 Nxc3 13. bxc3 b6 14. Bd3 h6 15. 0-0 Ba6 16. c4 c5 17. Ne5 Nxe5 18. Bxe5 cxd4 19. exd4 Rac8 20. Qe2 f6 21. Bf4 Bf8 22. Rfc1 Rcd8 23. Bg6 Re7 24. Bd2 Qa4 25. Bb4 Qd7 26. Bxe7 Qxe7 27. Rd1 Qd7 28. Rac1 Qc8 29. Rc3 Bb7 30. Re3 Ba6 31. Bd3 Re8 32. Qc2 Bb7 33. Qa4 Qc6 34. Qxc6 Bxc6 35. Bg6 Re7 36. f4 f5 37. d5 exd5 38. Rxe7 Bxe7 39. cxd5 Bc5+ 40. Kh1 Bd7 41. d6 Bxa3 42. Ra1 Bxd6 43. Rd1 1-0

[Event "BCF-chT2b 1516 (4NCL)"]
[Site "England"]
[Date "2016.03.19"]
[Round "7.19"]
[White "Gordon Brown, Alexander"]
[Black "Henderson, David"]
[Result "1-0"]
[WhiteElo "2043"]
[BlackElo "2155"]
[PlyCount "77"]
[EventDate "2015.11.14"]
[EventType "team-tourn"]
[EventRounds "7"]
[EventCountry "ENG"]
[SourceTitle "EXT 2017"]
[Source "ChessBase"]
[SourceDate "2016.10.25"]
[SourceVersion "1"]
[SourceVersionDate "2016.10.25"]
[SourceQuality "1"]
[WhiteTeam "Cambridge II"]
[BlackTeam "North East England"]
[WhiteTeamCountry "ENG"]
[BlackTeamCountry "ENG"]

1. d4 d5 2. c4 e6 3. Nc3 Nf6 4. Nf3 dxc4 5. e3 a6 6. Bxc4 b5 7. Bd3 Bb7 8. 0-0 Nbd7 9. b3 Be7 10. Bb2 0-0 11. Rc1 c5 12. Bb1 Rc8 13. Re1 Qb6 14. Qd3 g6 15. Qe2 Rfd8 16. Ng5 Ba8 17. Nce4 Nxe4 18. Nxe4 Qb7 19. f3 cxd4 20. Bxd4 f5 21. Nd2 Rxc1 22. Rxc1 Ba3 23. Rd1 e5 24. Ba1 Qc7 25. g3 Nb6 26. e4 fxe4 27. Nxe4 Rxd1+ 28. Qxd1 Nd5 29. Qc2 Qxc2 30. Bxc2 Nb4 31. Bb1 Bxe4 32. Bxe4 Nxa2 33. Bxe5 Bc5+ 34. Kf1 Nb4 35. Ke2 Kf7 36. Bc7 Ke6 37. Bb7 Nd5 38. Ba5 Bb4 39. Bxd5+ 1-0

[Event "BCF-chT2b 1516 (4NCL)"]
[Site "England"]
[Date "2016.02.13"]
[Round "5.19"]
[White "Hand, Freddie"]
[Black "Henderson, David"]
[Result "1/2-1/2"]
[WhiteElo "1998"]
[BlackElo "2155"]
[PlyCount "103"]
[EventDate "2015.11.14"]
[EventType "team-tourn"]
[EventRounds "7"]
[EventCountry "ENG"]
[SourceTitle "CBM 170 Extra"]
[Source "ChessBase"]
[SourceDate "2016.02.25"]
[SourceVersion "1"]
[SourceVersionDate "2016.02.25"]
[SourceQuality "1"]
[WhiteTeam "KJCA Kings"]
[BlackTeam "North East England"]
[WhiteTeamCountry "ENG"]
[BlackTeamCountry "ENG"]

1. d4 d5 2. c4 e6 3. Nc3 Be7 4. cxd5 exd5 5. Bf4 c6 6. Qc2 Nd7 7. e3 Nf8 8. Bd3 Ng6 9. Nge2 Nxf4 10. Nxf4 Nf6 11. 0-0-0 Bd6 12. g3 Bg4 13. Rde1 0-0 14. Be2 Bxe2 15. Rxe2 Qd7 16. f3 Rac8 17. Rd1 Rfe8 18. e4 dxe4 19. fxe4 Bb4 20. Qd3 Bxc3 21. bxc3 b5 22. Rdd2 Qe7 23. e5 Nd5 24. Kd1 Qa3 25. Rc2 Rcd8 26. Ke1 h6 27. Rf2 Re7 28. Qf3 Qa6 29. Nd3 b4 30. c4 Nb6 31. Nxb4 Qa5 32. Qc3 Na4 33. Qd2 Rxe5+ 34. Kf1 Re6 35. a3 Nb6 36. Qf4 Qh5 37. Kg2 Qg6 38. Nd3 Rf6 39. Qe3 Rxf2+ 40. Rxf2 Qe6 41. Qxe6 fxe6 42. c5 Nc4 43. Nb4 Rxd4 44. Nxc6 Rd7 45. a4 Rc7 46. Nd4 Rxc5 47. Nxe6 Ra5 48. Rf8+ Kh7 49. Rc8 Rxa4 50. Nf8+ Kg8 51. Nd7+ Kh7 52. Nf8+ 1/2-1/2

[Event "BCF-chT2b 1516 (4NCL)"]
[Site "England"]
[Date "2016.01.23"]
[Round "3.29"]
[White "Fegan, Chris"]
[Black "Henderson, David"]
[Result "0-1"]
[WhiteElo "2095"]
[BlackElo "2155"]
[PlyCount "58"]
[EventDate "2015.11.14"]
[EventType "team-tourn"]
[EventRounds "7"]
[EventCountry "ENG"]
[SourceTitle "CBM 170 Extra"]
[Source "ChessBase"]
[SourceDate "2016.02.25"]
[SourceVersion "1"]
[SourceVersionDate "2016.02.25"]
[SourceQuality "1"]
[WhiteTeam "BCM Dragons"]
[BlackTeam "North East England"]
[WhiteTeamCountry "ENG"]
[BlackTeamCountry "ENG"]

1. Nf3 d5 2. d4 Nf6 3. e3 c5 4. b3 cxd4 5. exd4 Nc6 6. Bd3 Bg4 7. Bb2 e6 8. 0-0 Bd6 9. Nbd2 0-0 10. a3 Qc7 11. h3 Bh5 12. c4 e5 13. g4 e4 14. cxd5 exd3 15. dxc6 Bg6 16. cxb7 Rae8 17. Nc4 Re2 18. Bc3 Nd5 19. Ba5 Qe7 20. Nxd6 Qxd6 21. Ne5 Nf4 22. Bb4 Qd5 23. f3 Qxd4+ 24. Kh1 Qb2 25. Qxe2 Qxe2 26. Rg1 Qxe5 27. Bxf8 Be4 28. Rgf1 Bxb7 29. Bb4 Qe2 0-1

[Event "BCF-chT2b 1516 (4NCL)"]
[Site "England"]
[Date "2015.11.15"]
[Round "2.8"]
[White "Henderson, David"]
[Black "Talsma, Paul"]
[Result "1/2-1/2"]
[WhiteElo "2155"]
[BlackElo "2245"]
[PlyCount "62"]
[EventDate "2015.11.14"]
[EventType "team-tourn"]
[EventRounds "7"]
[EventCountry "ENG"]
[SourceTitle "CBM 169 Extra"]
[Source "ChessBase"]
[SourceDate "2015.12.18"]
[SourceVersion "1"]
[SourceVersionDate "2015.12.18"]
[SourceQuality "1"]
[WhiteTeam "North East England"]
[BlackTeam "Anglian Avengers"]
[WhiteTeamCountry "ENG"]
[BlackTeamCountry "ENG"]

1. e4 e5 2. Nf3 Nf6 3. d4 Nxe4 4. Nxe5 d6 5. Nf3 d5 6. Bd3 Nc6 7. Nbd2 Nf6 8. 0-0 Be7 9. c3 0-0 10. Re1 h6 11. Nf1 Bd6 12. Ne5 Ne4 13. f3 Nxe5 14. dxe5 Bc5+ 15. Be3 Bxe3+ 16. Nxe3 Nc5 17. Bc2 c6 18. b4 Ne6 19. Qd3 g6 20. Ng4 Qg5 21. g3 Kg7 22. h4 Qd8 23. Qd2 Rh8 24. Rad1 a5 25. a4 axb4 26. cxb4 d4 27. Nf6 b6 28. f4 c5 29. f5 gxf5 30. Bxf5 Rxa4 31. bxc5 bxc5 1/2-1/2